CMC Case Study (Record no. 4213)

MARC details
000 -LEADER
fixed length control field 00384nas a22001817i 4500
001 - CONTROL NUMBER
control field 4290
003 - CONTROL NUMBER IDENTIFIER
control field OSt
005 - DATE AND TIME OF LATEST TRANSACTION
control field 20180810132215.0
007 - PHYSICAL DESCRIPTION FIXED FIELD--GENERAL INFORMATION
fixed length control field tu
008 - FIXED-LENGTH DATA ELEMENTS--GENERAL INFORMATION
fixed length control field 161220b xxu||||| |||| 00| 0 d
024 7# - OTHER STANDARD IDENTIFIER
Standard number or code 4289
Source of number or code RID
040 ## - CATALOGING SOURCE
Transcribing agency OSt
110 2# - MAIN ENTRY--CORPORATE NAME
Corporate name or jurisdiction name as entry element CMC Graduate School of Business
245 ## - TITLE STATEMENT
Title CMC Case Study
260 ## - PUBLICATION, DISTRIBUTION, ETC.
Place of publication, distribution, etc. Čelákovice.
300 ## - PHYSICAL DESCRIPTION
Other physical details nicht kat.
942 ## - ADDED ENTRY ELEMENTS (KOHA)
Koha item type Periodical
Holdings
Withdrawn status Lost status Damaged status Not for loan Home library Current library Shelving location Date acquired Inventory number Total Checkouts Barcode Date last seen Price effective from Koha item type
        WIIW WIIW Corridor 06/07/1999 4290   304288 01/26/2017 01/26/2017 Periodical
The Vienna Instiute for International Economic Studies (wiiw)